000 00500nam a2200181Ia 4500
001 11265
005 20260306161933.0
008 260306t2024||||xx |||||||||||||| ||spa||
041 _aESP
082 _a985.021
_bI59
110 _aInstituto Nacional de Estadística e Informática
245 0 _aEstadísticas del Bicentenario de la consolidación de nuestra independencia
260 _c2024
300 _a212 páginas :
_c20 cm.
650 _aGEN
654 _aCHU
942 _cLIB
_dJUS
_fJUS
_2ddc
_n
999 _c11265
_d11265